Homophones Quiz Stats

 Plays Quiz Updated Jun 26, 2018

Score 0/16 Timer 03:00
6 Plays Today
Definition Homophones % Correct
John Travolta movie musicalGrease/Greece
96.1%
Big ocean mammalsWhales/Wales
93.2%
Not curvedStraight/Strait
92.5%
Common ingredient in bakingFlour/Flower
92.5%
Tasting like sugar or honeySweet/Suite
92%
A vacation on a luxury boatCruise/Crews
87.8%
To requireNeed/Knead
87.8%
When this breaks, babies fallBough/Bow
86.3%
Definition Homophones % Correct
Travelled on a planeFlew/Flue
83%
Financial revenue exceeding lossesProfit/Prophet
79.7%
ZeroNone/Nun
75.5%
Body tissue composed of cells and fibersMuscle/Mussel
72.7%
A portion or a segmentPiece/Peace
72.5%
A member of the deer familyMoose/Mousse
68.4%
A harness for a horseBridle/Bridal
60.3%
Unable to produce offspringBarren/Baron
50%

You're not logged in!

Compare scores with friends on all Sporcle quizzes.
OR
Log In

Sporcle TV

Today on Sporcle TV


Watch our educational content, quiz creation guides, and fun videos on Sporcle TV.

Show Comments

Extras

Top Quizzes Today


Score Distribution

Your Account Isn't Verified!

In order to create a playlist on Sporcle, you need to verify the email address you used during registration. Go to your Sporcle Settings to finish the process.

Report this User

Report this user for behavior that violates our Community Guidelines.

Details: